Системы автоматического регулирования процесса резания и их элементы

Bibliographic Details
Other Authors: Вихман В. С. Виктор Семенович, Райхлин Р. И., Сычев Ю. И. Юрий Иванович
Language:Russian
Published: Москва, 1972
Subjects:
Format: Book
KOHA link:https://koha.lib.tpu.ru/cgi-bin/koha/opac-detail.pl?biblionumber=97336

MARC

LEADER 00000nam0a2200000 4500
001 97336
005 20231031110902.0
035 |a (RuTPU)RU\TPU\book\104333 
090 |a 97336 
100 |a 20060525d1972 m y0rusy50 ca 
101 0 |a rus 
102 |a RU 
105 |a a z 001zy 
200 1 |a Системы автоматического регулирования процесса резания и их элементы  |f В. С. Вихман, Р. И. Райхлин, Ю. И. Сычев 
210 |a Москва  |d 1972 
215 |a 95 с.  |c ил. 
320 |a Библиогр.: с. 90-93. 
610 1 |a металлорежущие станки 
610 1 |a автоматическое регулирование 
610 1 |a резание 
675 |a 621.91.01-52  |v 3 
701 1 |a Вихман  |b В. С.  |g Виктор Семенович 
701 1 |a Райхлин  |b Р. И. 
701 1 |a Сычев  |b Ю. И.  |g Юрий Иванович 
801 1 |a RU  |b 63413507  |c 20060525  |g PSBO 
801 2 |a RU  |b 63413507  |c 20070604  |g PSBO 
942 |c BK